[Event "Copenhagen Obro CXU New Year op"]
[Site "Copenhagen"]
[Date "2023.12.27"]
[Round "1"]
[White "Gronnemose, Freja Egelund"]
[Black "Ertbjerg, Andreas Lund"]
[Result "0-1"]
[WhiteElo "1720"]
[BlackElo "2035"]
[PlyCount "74"]
[EventDate "2023.12.27"]
[EventType "swiss"]
[EventRounds "7"]
[EventCountry "DEN"]
[SourceTitle "CB01_2024"]
[SourceDate "2024.01.03"]
[SourceVersion "1"]
[SourceVersionDate "2024.01.03"]
[SourceQuality "1"]

1. e4 e6 2. c4 c5 3. d4 cxd4 4. Nf3 e5 5. Nbd2 Nc6 6. Bd3 Nf6 7. 0-0 d6 8. Ne1 Be7 9. f4 Qc7 10. Rb1 Be6 11. f5 Bd7 12. b4 g6 13. b5 Na5 14. Nc2 gxf5 15. exf5 d5 16. cxd5 Nxd5 17. Qf3 Nc3 18. Rb2 0-0-0 19. Nb4 Bxb4 20. Rxb4 Kb8 21. Ba3 b6 22. Ne4 Bc8 23. Bb2 Bb7 24. Bxc3 dxc3 25. Qe2 Rd4 26. Rxd4 exd4 27. Nf6 Qd6 28. Ne8 Qd5 29. Rf2 Bc8 30. Nf6 Qd6 31. Ne8 Qd5 32. Nf6 Qd8 33. Qe5+ Qc7 34. Qxd4 Rd8 35. Qe3 Qd6 36. Ng4 Qxd3 37. Qxd3 Rxd3 0-1

[Event "Copenhagen Obro New Year op"]
[Site "Copenhagen"]
[Date "2019.12.28"]
[Round "3"]
[White "Ertbjerg, Andreas Lund"]
[Black "Kristiansen, Jens"]
[Result "0-1"]
[WhiteElo "2037"]
[BlackElo "2408"]
[PlyCount "82"]
[EventDate "2019.12.27"]
[EventType "swiss"]
[EventRounds "7"]
[EventCountry "DEN"]
[SourceTitle "CBM 194 Extra"]
[Source "ChessBase"]
[SourceDate "2020.03.31"]
[SourceVersion "1"]
[SourceVersionDate "2020.03.31"]
[SourceQuality "1"]

1. e4 c5 2. d4 cxd4 3. c3 d3 4. Bxd3 Nc6 5. c4 d6 6. Nc3 Nf6 7. h3 e6 8. Nf3 Be7 9. 0-0 0-0 10. Be3 b6 11. Qe2 Bb7 12. Rad1 Nd7 13. Bb1 a6 14. Nh2 Qc7 15. f4 Na5 16. Rc1 Rac8 17. b3 Qb8 18. Qf2 Bc6 19. Ng4 b5 20. cxb5 axb5 21. Qg3 b4 22. Bd4 f6 23. Nd1 Bb5 24. Rxc8 Rxc8 25. e5 dxe5 26. fxe5 Bxf1 27. Qh4 f5 28. Qxe7 fxg4 29. Qxe6+ Kh8 30. Qxd7 Qb7 31. Qxb7 Nxb7 32. Kxf1 Rd8 33. Be4 Rxd4 34. Bxb7 Rxd1+ 35. Ke2 Rd7 36. Bc8 gxh3 37. gxh3 Rc7 38. Bf5 g6 39. Bg4 h5 40. Bf3 Re7 41. Kd3 Rxe5 0-1

[Event "Copenhagen Obro New Year op"]
[Site "Copenhagen"]
[Date "2019.12.28"]
[Round "2"]
[White "Ramsdal, Jens Albert"]
[Black "Ertbjerg, Andreas Lund"]
[Result "0-1"]
[WhiteElo "2302"]
[BlackElo "2037"]
[PlyCount "84"]
[EventDate "2019.12.27"]
[EventType "swiss"]
[EventRounds "7"]
[EventCountry "DEN"]
[SourceTitle "CBM 194 Extra"]
[Source "ChessBase"]
[SourceDate "2020.03.31"]
[SourceVersion "1"]
[SourceVersionDate "2020.03.31"]
[SourceQuality "1"]

1. d4 Nf6 2. Nf3 g6 3. b3 Bg7 4. Bb2 d6 5. Nbd2 0-0 6. e3 c5 7. Bd3 Nc6 8. 0-0 Bd7 9. c4 Qc7 10. d5 Ne5 11. Ne1 Nxd3 12. Nxd3 b5 13. e4 bxc4 14. bxc4 e5 15. h3 Ne8 16. f4 exf4 17. Bxg7 Nxg7 18. Rxf4 f5 19. Qc2 Rae8 20. Raf1 Qd8 21. Qc3 Qg5 22. e5 Nh5 23. R4f3 dxe5 24. Nxc5 Bc8 25. d6 Nf6 26. Rg3 Qh6 27. Rd3 e4 28. Rd4 Qg7 29. Re1 Nd7 30. Nxd7 Bxd7 31. c5 Rc8 32. Rc4 Bb5 33. Qxg7+ Kxg7 34. Rcc1 Kf6 35. Nb3 Ke5 36. Na5 Rfd8 37. Red1 e3 38. Nc4+ Bxc4 39. Rxc4 e2 40. Rdc1 Rxd6 41. Kf2 Rd2 42. Ra4 Rd1 0-1

[Event "Copenhagen Obro New Year op"]
[Site "Copenhagen"]
[Date "2017.??.??"]
[Round "4"]
[White "Haubro, Martin"]
[Black "Ertbjerg, Andreas Lund"]
[Result "1-0"]
[WhiteElo "2309"]
[BlackElo "2019"]
[PlyCount "85"]
[EventDate "2017.12.27"]
[EventType "swiss"]
[EventRounds "7"]
[EventCountry "DEN"]
[SourceTitle "CBM 182 Extra"]
[Source "ChessBase"]
[SourceDate "2018.02.23"]
[SourceVersion "1"]
[SourceVersionDate "2018.02.23"]
[SourceQuality "1"]

1. e4 e6 2. d4 d5 3. Nc3 Bb4 4. e5 c5 5. a3 Bxc3+ 6. bxc3 Ne7 7. Qg4 Qc7 8. Qxg7 Rg8 9. Qxh7 cxd4 10. Ne2 dxc3 11. f4 Nbc6 12. h4 Bd7 13. h5 0-0-0 14. Qd3 d4 15. h6 Rg6 16. h7 Rh8 17. Nxd4 Nxd4 18. Qxd4 a6 19. Qf2 Bc6 20. Be3 Nd5 21. Bc5 f6 22. Bd6 Qg7 23. 0-0-0 Rxh7 24. Rxh7 Qxh7 25. Qa7 Qh4 26. exf6 Qxf6 27. Qb8+ Kd7 28. Bd3 Rxg2 29. Be4 Rh2 30. Bxd5 Bxd5 31. Be5 Qg6 32. Qxb7+ Ke8 33. Qc8+ Ke7 34. Qxc3 Qe4 35. Qc7+ Ke8 36. Bd6 Rh7 37. Qc8+ Kf7 38. Qf8+ Kg6 39. Qg8+ Kf6 40. Qg5+ Kf7 41. Qe7+ Kg6 42. Rg1+ Kh5 43. Qg5# 1-0

[Event "DEN-ch G5-A"]
[Site "Skorping"]
[Date "2014.04.19"]
[Round "3"]
[White "Wuertz, Jacob"]
[Black "Ertbjerg, Andreas Lund"]
[Result "1/2-1/2"]
[WhiteElo "2036"]
[BlackElo "1958"]
[PlyCount "29"]
[EventDate "2014.04.17"]
[EventType "swiss"]
[EventRounds "5"]
[EventCountry "DEN"]
[SourceTitle "EXT 2023"]
[Source "ChessBase"]
[SourceDate "2022.10.05"]
[SourceVersion "1"]
[SourceVersionDate "2022.10.05"]
[SourceQuality "1"]

1. Nf3 e6 2. g3 Nf6 3. Bg2 Be7 4. 0-0 0-0 5. d4 c5 6. c4 cxd4 7. Nxd4 a6 8. Nc3 Qc7 9. Qd3 Nc6 10. b3 b6 11. Rd1 Bb7 12. Nc2 Ne5 13. Qd2 Bxg2 14. Kxg2 Rfd8 15. Bb2 1/2-1/2

[Event "Baltic Sea Cup"]
[Site "Ronne"]
[Date "2007.08.04"]
[Round "8.33"]
[White "Ertbjerg, Andreas Lund"]
[Black "Lillelokken, Kjell Arne"]
[Result "1/2-1/2"]
[WhiteElo "2069"]
[BlackElo "1898"]
[PlyCount "61"]
[EventDate "2007.07.30"]
[EventType "swiss"]
[EventRounds "9"]
[EventCountry "DEN"]
[SourceTitle "EXT 2023"]
[Source "ChessBase"]
[SourceDate "2022.10.05"]
[SourceVersion "1"]
[SourceVersionDate "2022.10.05"]
[SourceQuality "1"]

1. e4 e6 2. d3 d5 3. Nd2 f5 4. exf5 exf5 5. g3 Nf6 6. Bg2 c5 7. Ne2 Bd6 8. Nf3 Qb6 9. d4 Nc6 10. 0-0 Bd7 11. Bf4 Bxf4 12. Nxf4 Nxd4 13. Re1+ Kd8 14. Nxd4 cxd4 15. Nxd5 Nxd5 16. Bxd5 Kc7 17. c3 Rae8 18. Qxd4 Qxd4 19. cxd4 Kd6 20. Bg2 b6 21. f4 Rxe1+ 22. Rxe1 Rc8 23. Re2 Bb5 24. Rd2 Rc1+ 25. Kf2 Bc4 26. b3 Bd5 27. Bxd5 Kxd5 28. Kg2 a5 29. Kh3 Rc6 30. Kh4 Ke4 31. d5 1/2-1/2

[Event "Baltic Sea Cup"]
[Site "Ronne"]
[Date "2007.08.03"]
[Round "7.39"]
[White "Adolfssen, Rico"]
[Black "Ertbjerg, Andreas Lund"]
[Result "0-1"]
[WhiteElo "1752"]
[BlackElo "2069"]
[PlyCount "76"]
[EventDate "2007.07.30"]
[EventType "swiss"]
[EventRounds "9"]
[EventCountry "DEN"]
[SourceTitle "EXT 2023"]
[Source "ChessBase"]
[SourceDate "2022.10.05"]
[SourceVersion "1"]
[SourceVersionDate "2022.10.05"]
[SourceQuality "1"]

1. f4 e5 2. e4 exf4 3. Nf3 g5 4. h4 g4 5. Ne5 Nf6 6. Bc4 d5 7. exd5 Bd6 8. d4 Nh5 9. Bb5+ Kf8 10. Nc3 Qe7 11. 0-0 Bxe5 12. dxe5 Qxh4 13. Bxf4 g3 14. Bh6+ Kg8 15. Rxf7 Qh2+ 16. Kf1 Qh1+ 17. Ke2 Qxd1+ 18. Rxd1 Kxf7 19. e6+ Ke7 20. Ne4 Rg8 21. Rf1 Bxe6 22. dxe6 Nc6 23. Rf7+ Kxe6 24. Bc4+ Ke5 25. Ke3 Rge8 26. Nxg3 Na5 27. Bb5 Nxg3 28. Bf4+ Ke6 29. Rxh7 Nf5+ 30. Kf2 Re7 31. Rh3 Rf8 32. g4 Nd6 33. Rh6+ Rf6 34. Bd3 Rxh6 35. Bxh6 Kf7 36. g5 Kg8 37. g6 Nac4 38. Bg5 Ne4+ 0-1

[Event "Baltic Sea Cup"]
[Site "Ronne"]
[Date "2007.07.31"]
[Round "2.39"]
[White "Ertbjerg, Andreas Lund"]
[Black "Trarup, Jorgen"]
[Result "1-0"]
[WhiteElo "2069"]
[BlackElo "1863"]
[PlyCount "47"]
[EventDate "2007.07.30"]
[EventType "swiss"]
[EventRounds "9"]
[EventCountry "DEN"]
[SourceTitle "EXT 2023"]
[Source "ChessBase"]
[SourceDate "2022.10.05"]
[SourceVersion "1"]
[SourceVersionDate "2022.10.05"]
[SourceQuality "1"]

1. e4 c5 2. Nc3 Nc6 3. g3 e6 4. Bg2 Nge7 5. d3 Ng6 6. f4 a6 7. Nf3 d6 8. Be3 Be7 9. 0-0 Bf6 10. Kh1 h5 11. h3 Bd7 12. Qe1 Rb8 13. e5 Be7 14. exd6 Bxd6 15. Ne4 Qe7 16. Qc3 e5 17. Nxd6+ Qxd6 18. Bxc5 Qf6 19. Nxe5 Qf5 20. Rae1 Kd8 21. Bb6+ Kc8 22. Nc4 Qf6 23. Qxf6 gxf6 24. Nd6# 1-0

[Event "Copenhagen-ch Obro 70th"]
[Site "Copenhagen"]
[Date "2006.10.19"]
[Round "6"]
[White "Ertbjerg, Andreas Lund"]
[Black "Pedersen, Thomas Vils"]
[Result "0-1"]
[WhiteElo "1997"]
[BlackElo "2131"]
[PlyCount "116"]
[EventDate "2006.10.14"]
[EventType "swiss"]
[EventRounds "9"]
[EventCountry "DEN"]
[SourceTitle "EXT 2007"]
[Source "ChessBase"]
[SourceDate "2006.11.23"]
[SourceVersion "1"]
[SourceVersionDate "2006.11.23"]
[SourceQuality "1"]

1. e4 d5 2. exd5 Qxd5 3. Nc3 Qa5 4. d4 Nf6 5. Nf3 Nc6 6. Bd2 Bg4 7. h3 Bxf3 8. Qxf3 0-0-0 9. d5 Nxd5 10. Qxf7 Ndb4 11. 0-0-0 Nd4 12. Be3 Nbxc2 13. Bd3 Nxe3 14. fxe3 Qg5 15. Kb1 Qxe3 16. Rhe1 Qg5 17. Nb5 g6 18. Ka1 Bh6 19. Nxd4 Rxd4 20. Rxe7 Qd5 21. Rxc7+ Kb8 22. Qe7 Bg5 23. Qg7 Re8 24. Qf7 Rxd3 25. Qxe8+ Kxc7 26. Rxd3 Qxd3 27. Qf7+ Qd7 28. Qc4+ Kb6 29. Qb3+ Kc7 30. Qg3+ Qd6 31. Qc3+ Kd7 32. Qg7+ Be7 33. a3 Qd1+ 34. Ka2 Qd5+ 35. Kb1 Qf5+ 36. Ka2 h5 37. Qd4+ Bd6 38. Qxa7 Ke6 39. Qxb7 Qd5+ 40. Qb3 Bc7 41. a4 Kd6 42. Qxd5+ Kxd5 43. b4 Kc4 44. Ka3 Bd6 45. a5 Kb5 46. Kb3 Bxb4 47. a6 Bc5 48. Kc3 Kxa6 49. Kd3 h4 50. Ke4 g5 51. Kf5 Be3 52. Ke4 Bf4 53. Kf3 Kb5 54. Kf2 Kc4 55. Kg1 Kd3 56. Kh1 Ke2 57. Kg1 Ke1 58. Kh1 Kf2 0-1

[Event "Copenhagen-ch Obro 70th"]
[Site "Copenhagen"]
[Date "2006.10.16"]
[Round "3"]
[White "Madsen, Poul Henrik"]
[Black "Ertbjerg, Andreas Lund"]
[Result "1-0"]
[WhiteElo "2116"]
[BlackElo "1997"]
[PlyCount "53"]
[EventDate "2006.10.14"]
[EventType "swiss"]
[EventRounds "9"]
[EventCountry "DEN"]
[SourceTitle "EXT 2007"]
[Source "ChessBase"]
[SourceDate "2006.11.23"]
[SourceVersion "1"]
[SourceVersionDate "2006.11.23"]
[SourceQuality "1"]

1. d4 Nf6 2. Nf3 d5 3. e3 g6 4. c4 c6 5. Nc3 Bg7 6. cxd5 cxd5 7. Bb5+ Bd7 8. Qb3 Bxb5 9. Qxb5+ Qd7 10. Ne5 Qxb5 11. Nxb5 Na6 12. Bd2 Nd7 13. Nd3 Nf6 14. Rc1 0-0 15. Ke2 Ne4 16. Nc7 Rac8 17. Nxd5 Bf6 18. f3 Nd6 19. Rxc8 Rxc8 20. e4 Nb5 21. Nxf6+ exf6 22. d5 Nd4+ 23. Ke3 Nc2+ 24. Kf2 Nc5 25. Nxc5 Rxc5 26. Bc3 Kg7 27. Rd1 1-0

[Event "Politiken Cup 28th"]
[Site "Copenhagen"]
[Date "2006.07.30"]
[Round "9"]
[White "Ertbjerg, Andreas Lund"]
[Black "Andersen, Dag"]
[Result "0-1"]
[WhiteElo "2034"]
[BlackElo "1877"]
[PlyCount "106"]
[EventDate "2006.07.22"]
[EventType "swiss"]
[EventRounds "9"]
[EventCountry "DEN"]
[SourceTitle "CBM 113 Extra"]
[Source "ChessBase"]
[SourceDate "2006.09.14"]
[SourceVersion "1"]
[SourceVersionDate "2006.09.14"]
[SourceQuality "1"]

1. e4 e6 2. d4 d5 3. Nc3 Bb4 4. e5 c5 5. a3 Bxc3+ 6. bxc3 Ne7 7. Qg4 0-0 8. Bd3 f5 9. exf6 Rxf6 10. Bg5 Rf7 11. Qh4 g6 12. Nf3 Nbc6 13. 0-0 c4 14. Be2 Qf8 15. Bh6 Nf5 16. Bxf8 Nxh4 17. Nxh4 Kxf8 18. f4 Kg7 19. g3 Rb8 20. Bg4 b5 21. Rfe1 Re7 22. Re2 a5 23. Rae1 Kf6 24. Bh3 b4 25. axb4 axb4 26. cxb4 Rxb4 27. c3 Rb3 28. Re3 Nd8 29. f5 g5 30. Nf3 h5 31. Nd2 Rb2 32. R1e2 Rb6 33. Bg2 Ra7 34. fxe6 Bxe6 35. Rf2+ Kg6 36. Rf8 Ra1+ 37. Kf2 Nf7 38. Rxe6+ Rxe6 39. Bxd5 Rf6+ 40. Ke2 Nd6 41. Rxf6+ Kxf6 42. Nxc4 Nxc4 43. Bxc4 Rh1 44. Bd5 Rxh2+ 45. Kf3 Rc2 46. c4 Rc3+ 47. Ke2 Rxg3 48. c5 Ra3 49. c6 Ke7 50. Bg8 h4 51. d5 Kd6 52. Be6 Rc3 53. Bf5 Kxd5 0-1

[Event "Politiken Cup 28th"]
[Site "Copenhagen"]
[Date "2006.07.29"]
[Round "8"]
[White "Jacobsen, Maria Pitz"]
[Black "Ertbjerg, Andreas Lund"]
[Result "0-1"]
[WhiteElo "1836"]
[BlackElo "2034"]
[PlyCount "80"]
[EventDate "2006.07.22"]
[EventType "swiss"]
[EventRounds "9"]
[EventCountry "DEN"]
[SourceTitle "CBM 113 Extra"]
[Source "ChessBase"]
[SourceDate "2006.09.14"]
[SourceVersion "1"]
[SourceVersionDate "2006.09.14"]
[SourceQuality "1"]

1. e4 e6 2. d4 d5 3. e5 c5 4. Nf3 Nc6 5. c3 Qb6 6. Nbd2 cxd4 7. cxd4 Nxd4 8. Bd3 Nxf3+ 9. Nxf3 Bb4+ 10. Bd2 Bd7 11. 0-0 Bxd2 12. Qxd2 Ne7 13. Qf4 h6 14. Qg4 0-0 15. Qh5 Bb5 16. Rad1 Bxd3 17. Rxd3 Ng6 18. Qg4 Rac8 19. Rb3 Qc7 20. Qd4 b6 21. Rc3 Qd7 22. Rfc1 Rxc3 23. Qxc3 Ne7 24. h3 Rc8 25. Qd2 Rxc1+ 26. Qxc1 Qc6 27. Qd2 Qc4 28. b3 Qc5 29. Qd3 b5 30. Nd4 a6 31. Kh2 Nc6 32. Nxc6 Qxc6 33. Qd2 Qc5 34. Kg3 d4 35. Kf3 Qd5+ 36. Kg3 Qxe5+ 37. f4 Qc5 38. Kf2 Qc3 39. Ke2 Qxd2+ 40. Kxd2 f6 0-1

[Event "Politiken Cup 28th"]
[Site "Copenhagen"]
[Date "2006.07.28"]
[Round "7"]
[White "Ertbjerg, Andreas Lund"]
[Black "Robertson, David"]
[Result "0-1"]
[WhiteElo "2034"]
[BlackElo "1927"]
[PlyCount "80"]
[EventDate "2006.07.22"]
[EventType "swiss"]
[EventRounds "9"]
[EventCountry "DEN"]
[SourceTitle "CBM 113 Extra"]
[Source "ChessBase"]
[SourceDate "2006.09.14"]
[SourceVersion "1"]
[SourceVersionDate "2006.09.14"]
[SourceQuality "1"]

1. e4 c5 2. Nc3 Nc6 3. g3 g6 4. Bg2 Bg7 5. d3 d6 6. Be3 Rb8 7. Qd2 b5 8. Nf3 b4 9. Nd1 Nd4 10. 0-0 Bg4 11. Ne1 Bxd1 12. Rxd1 e6 13. c3 bxc3 14. bxc3 Nc6 15. f4 Qa5 16. f5 Qxc3 17. e5 Nd4 18. fxe6 fxe6 19. Bc6+ Kd8 20. Bg5+ Kc8 21. Qxc3 Ne2+ 22. Kh1 Nxc3 23. exd6 Nh6 24. Rc1 Nf5 25. Bd2 Rb6 26. d7+ Kc7 27. Bg2 Ne2 28. Rxc5+ Kxd7 29. Ba5 Nexg3+ 30. hxg3 Nxg3+ 31. Kh2 Nxf1+ 32. Bxf1 Rb2+ 33. Bg2 Rc8 34. Rxc8 Kxc8 35. a3 Bf8 36. Kg3 Bxa3 37. Bh3 Kd7 38. Nf3 Bd6+ 39. Kg4 Rb5 40. Bc3 Rb3 0-1

[Event "Politiken Cup 28th"]
[Site "Copenhagen"]
[Date "2006.07.24"]
[Round "3"]
[White "Ertbjerg, Andreas Lund"]
[Black "Jensen, Mads"]
[Result "1-0"]
[WhiteElo "2034"]
[BlackElo "1852"]
[PlyCount "120"]
[EventDate "2006.07.22"]
[EventType "swiss"]
[EventRounds "9"]
[EventCountry "DEN"]
[SourceTitle "CBM 113 Extra"]
[Source "ChessBase"]
[SourceDate "2006.09.14"]
[SourceVersion "1"]
[SourceVersionDate "2006.09.14"]
[SourceQuality "1"]

1. e4 g6 2. d4 Bg7 3. Nc3 d6 4. Be3 a6 5. Qd2 b5 6. Bd3 Nd7 7. Nge2 Bb7 8. f3 c5 9. dxc5 Nxc5 10. Rd1 Nxd3+ 11. cxd3 Nf6 12. Bh6 0-0 13. Ng3 Qa5 14. Bxg7 Kxg7 15. Qg5 e6 16. 0-0 Qb6+ 17. Kh1 h6 18. Qd2 Rac8 19. f4 d5 20. e5 Ng4 21. d4 h5 22. f5 Qd8 23. f6+ Kh7 24. Qg5 Rh8 25. Nxh5 Nxh2 26. Kxh2 Kg8 27. g4 Kf8 28. Kg3 Qa5 29. Rh1 Ke8 30. Ng7+ Kd7 31. a3 Rxc3+ 32. bxc3 Qxc3+ 33. Kf2 Rxh1 34. Rxh1 Qxd4+ 35. Qe3 Qxe3+ 36. Kxe3 d4+ 37. Kxd4 Bxh1 38. Kc5 Bf3 39. g5 Be2 40. Kb6 Bd3 41. Ka5 Bf1 42. Kb4 Bc4 43. Ka5 Kd8 44. Kb4 Bd5 45. Ka5 Bc6 46. Kxa6 Bd7 47. Kb7 Bc8+ 48. Kc6 Bd7+ 49. Kb6 Bc8 50. Kxb5 Bd7+ 51. Kc5 Kc7 52. Nh5 Ba4 53. Nf4 Kd7 54. Nd3 Bd1 55. Nb2 Bc2 56. a4 Be4 57. Nc4 Bc6 58. a5 Kc7 59. Nd6 Kd8 60. Nxf7+ Kd7 1-0